Singapore Hawker Foods - Statistics

General Stats
  • This quiz has been taken 561 times
  • The average score is 9 of 18
Answer Stats
Hint Answer % Correct
Hainanese Chicken Rice
94%
Peanut chicken sticks Satay
82%
The messiest & most famous seafood Chilli Crab
80%
Coconut rice & chicken Nasi Lemak
79%
Pork rib soup Bak Kut Teh
77%
Curry soup with noodles & toppings Laksa
72%
Fried Indian bread Prata
69%
Noodles with dumplings Wanton Mee
63%
Minced meat noodles Bak Chor Mee
55%
Soft sweet spring roll Popiah
50%
Chicken pastry Curry Puff
41%
Eggs & molluscs Oyster Omelette
27%
Rice noodles in black sauce Char Kway Teow
24%
Definitely not a dessert Carrot Cake
22%
Noodles & shellfish Prawn Mee
21%
Thai or Malay noodles? Mee Siam
19%
Inspired by egg & soldiers Kaya Toast
16%
Firey fish in banana leaf BBQ Stingray
4%
No matching quizzes found
Score Distribution
Percent of People with Each Score
Percentile by Number Answered
Your Score History
You have not taken this quiz